000 00887nam a2200277 a 4500
001 59084
003 BD-RjUL
005 20211209080707.0
008 161221s1988 ii k 001 0 eng
020 _a8185029776
035 _a(BD-RjUL)59208
040 _aDLC
_cDLC
_dBD-RjUL
_beng
041 _aeng
082 0 0 _a345.54
_223
_bAIL 1988
100 1 _aAiyar, S. K.
_q(S. Krishnamurthi),
_d1906-
_9175717
245 1 0 _aAiyar's law and practice of arms and explosives :
_b(with rules and other allied laws) /
250 _a10th ed.
260 _aAllahabad, India :
_bLaw Book Co.,
_c1988.
300 _axlix, 986 p. :
_bill. ;
_c25 cm.
500 _aIncludes index.
650 0 _aFirearms
_xLaw and legislation
_zIndia.
_9175718
650 0 _aExplosives
_xLaw and legislation
_zIndia.
_9175719
700 1 _aSinha, B. N.
_9175720
700 1 _aBagga, Rakesh.
_9175721
942 _2ddc
_cBK
999 _c59084
_d59084